00865nam a2200205 a 4500001001000000003000500010005001700015008004100032010001100073011001100084040000900095100003400104245016600138260004100304500006000345502013500405650002500540650002400565856007000589000116078CHAP20220329144600.0190904s2019 mx a |sm |||||||spa d a112539 a113511 cCHAP1 aBolaños Sánchez, Claudia.10aIntercepción de lluvía por dosel en pino (Pinus hartwegii) y oyamel (Abies religiosa) mediante nube de puntosh[En línea]cpor Claudia Bolaños Sánchez. aChapingo, Méx. :bEl autor,c2019. aPara ver el contenido del material haga clic en la liga aTesis (M. en Ingeniería Agrícola y uso Integral del Agua) -- UACH. Posgrado en Ingeniería Agrícola y Uso Integral del Agua14aCiclo hidrológico.14aLluviaxMedición. aFinding aiduhttp://10.13.5.2/tesis/sist116078.pdfzTeclea aquí